00321nam a2200121Ia 4500008004100000041000800041082001200049100001500061245004500076260003800121300002900159365001100188240624s9999 xx 000 0 und d aeng a828 KER aKERR IAN J aENGINES OF CHANGE THE RAILROADS THAT MAD c2012aNew DelhibOrient BlackSwan ax, : 224 : p. : cm. ; 23 cRSb30